Une lettre suffit pour répondre juste #112 (attention 10 lettres tuent) - Statistiques

Statistiques générales
  • Ce quiz a été pris 59 fois
  • Le résultat moyen est 3 sur 6
Statistiques - réponses
Hint Réponse % Correct
Donne une des 5 lettres qui complète le nom de l'émission de télé-crochet diffusée sur W9 en 2010 (dont voici une promo) : À la recherche du nouveau Michael _ac _ _ _ _
JKSON (JacKSON)
100%
Donne une des 4 lettres qui complète le nom de l'instrument qui sert à mesurer une quantité importante de rayonnement ionisant (particules alpha, bêta ou gamma et rayons X, mais pas les neutrons) :
Le compteur Ge_ _ _ _
IGER (GEIGER)
79%
Donne une des 3 lettres du prénom du personnage joué par Bryan Cranston dans cet extrait : _ _ _
HAL
65%
Donne une des 2 lettres de l'abréviation postale de cette province ici en rouge : _ _
QC (Quebec)
33%
Donne la lettre qui complète la locution latine signifiant « Après les ténèbres vient la lumière. » : Post tenebras lu_ X
21%
Donne la 1ere lettre du nom de famille de l'actrice qui interprète le personnage de Nathalie Morin chutant ici à ski :
B (Josiane Balasko / Balašković dans les Bronzés font du ski)
8%
Aucun quiz correspondant
Distribution des résultats
% des personnes avec chaque résultat
Percentile par nombre de réponses
Votre historique - résultats
Vous n’avez pas pris ce quiz